[Event "Olympiad-41"]
[Site "Tromsoe"]
[Date "2014.08.14"]
[Round "11.4"]
[White "Anarkulov, Alisher"]
[Black "Guller, Andras"]
[Result "1/2-1/2"]
[WhiteElo "2222"]
[BlackElo "2042"]
[PlyCount "120"]
[EventDate "2014.08.02"]
[EventType "team-swiss"]
[EventRounds "11"]
[EventCountry "NOR"]
[SourceTitle "CBM 162"]
[Source "ChessBase"]
[SourceDate "2014.09.17"]
[SourceVersion "1"]
[SourceVersionDate "2014.09.17"]
[SourceQuality "1"]
[WhiteTeam "ICCD"]
[BlackTeam "Liechtenstein"]
[BlackTeamCountry "LIE"]

1. e4 c5 2. Nf3 e6 3. d4 cxd4 4. Nxd4 a6 5. Bd3 Nf6 6. 0-0 Qc7 7. c4 d6 8. Nc3 g6 9. b3 Nbd7 10. Bb2 Bg7 11. Qe2 0-0 12. Rac1 Ne5 13. Bb1 Bd7 14. Kh1 Qb6 15. Nc2 Rfd8 16. Ne3 Bc6 17. Rfd1 Nh5 18. Ba3 Bf8 19. f3 Qa5 20. Qb2 b5 21. b4 Qb6 22. c5 Qa7 23. Ne2 Bg7 24. Qb3 dxc5 25. Rxc5 Rxd1+ 26. Qxd1 Qb6 27. Bb2 Nd7 28. Bxg7 Nxg7 29. Rc3 Rd8 30. Rd3 Rb8 31. a3 Ne5 32. Rc3 Rd8 33. Qc1 Bb7 34. f4 Nc6 35. Ng4 Nh5 36. Rh3 Nd4 37. Ng1 f5 38. exf5 exf5 39. Ne5 Ne6 40. Ba2 Bd5 41. Bxd5 Rxd5 42. Nc6 Rd7 43. Rc3 Nhxf4 44. Ne5 Rd8 45. h3 Qf2 46. Rc2 Qg3 47. Qa1 Nd3 48. Nxd3 Qxd3 49. Rc6 Rd6 50. Rc8+ Rd8 51. Qf6 Qd5 52. Rxd8+ Nxd8 53. Qxa6 Ne6 54. Nf3 Kg7 55. Qa7+ Kh6 56. Qf7 Qd1+ 57. Kh2 Qd6+ 58. g3 Ng5 59. Nxg5 Qd2+ 60. Kg1 Qe1+ 1/2-1/2

[Event "Olympiad-41"]
[Site "Tromsoe"]
[Date "2014.08.10"]
[Round "8.4"]
[White "Anarkulov, Alisher"]
[Black "Koster, Jeroen Louis"]
[Result "1-0"]
[WhiteElo "2222"]
[BlackElo "1846"]
[PlyCount "55"]
[EventDate "2014.08.02"]
[EventType "team-swiss"]
[EventRounds "11"]
[EventCountry "NOR"]
[SourceTitle "CBM 162"]
[Source "ChessBase"]
[SourceDate "2014.09.17"]
[SourceVersion "1"]
[SourceVersionDate "2014.09.17"]
[SourceQuality "1"]
[WhiteTeam "ICCD"]
[BlackTeam "Mauritius"]
[BlackTeamCountry "MRI"]

1. e4 e5 2. Nf3 Nc6 3. Bb5 a6 4. Ba4 Nf6 5. d3 b5 6. Bb3 Be7 7. a4 Rb8 8. axb5 axb5 9. Nc3 0-0 10. 0-0 d6 11. h3 Be6 12. Nd5 Qd7 13. c3 Ra8 14. Rxa8 Rxa8 15. Nxe7+ Qxe7 16. Bg5 h6 17. Bh4 Na5 18. Bc2 c5 19. d4 Nc4 20. Qc1 Kh7 21. b3 Na5 22. Qd1 Rc8 23. dxe5 dxe5 24. Nxe5 Bxb3 25. Ng4 Bxc2 26. Qxc2 Kh8 27. e5 g5 28. Nxf6 1-0

[Event "Olympiad-41"]
[Site "Tromsoe"]
[Date "2014.08.08"]
[Round "6.3"]
[White "Anarkulov, Alisher"]
[Black "Ibarra Chami, Luis Fernando"]
[Result "1/2-1/2"]
[WhiteElo "2222"]
[BlackElo "2467"]
[PlyCount "93"]
[EventDate "2014.08.02"]
[EventType "team-swiss"]
[EventRounds "11"]
[EventCountry "NOR"]
[SourceTitle "CBM 162"]
[Source "ChessBase"]
[SourceDate "2014.09.17"]
[SourceVersion "1"]
[SourceVersionDate "2014.09.17"]
[SourceQuality "1"]
[WhiteTeam "ICCD"]
[BlackTeam "Mexico"]
[BlackTeamCountry "MEX"]

1. e4 c5 2. Nf3 d6 3. Bb5+ Nd7 4. c3 Ngf6 5. Qe2 a6 6. Ba4 Qc7 7. 0-0 b5 8. Bc2 Ne5 9. Nxe5 dxe5 10. a4 Rb8 11. axb5 axb5 12. f4 exf4 13. d4 cxd4 14. cxd4 f3 15. gxf3 e5 16. Nc3 Qb6 17. Kh1 exd4 18. Nxb5 Bd7 19. Na3 Bxa3 20. Rxa3 0-0 21. Rg1 Rbc8 22. Bd3 Nh5 23. Ra6 Qc5 24. Bd2 Qe7 25. Rh6 Qe5 26. Qf2 Nf4 27. Bxf4 Qxf4 28. Rh4 Qe3 29. Qxe3 dxe3 30. Re1 Rb8 31. e5 g6 32. b4 Rb6 33. Rd4 Bc6 34. Kg2 Rfb8 35. Rd6 Bb5 36. Rxb6 Rxb6 37. Bxb5 Rxb5 38. Rb1 Rxe5 39. f4 Re6 40. b5 Kg7 41. Kf1 e2+ 42. Ke1 Kf6 43. b6 Re8 44. b7 Rb8 45. Kxe2 Ke6 46. Ke3 Kd5 47. f5 1/2-1/2

[Event "Olympiad-41"]
[Site "Tromsoe"]
[Date "2014.08.02"]
[Round "1.3"]
[White "Orio, Rogelio L"]
[Black "Anarkulov, Alisher"]
[Result "0-1"]
[WhiteElo "1755"]
[BlackElo "2222"]
[PlyCount "96"]
[EventDate "2014.08.02"]
[EventType "team-swiss"]
[EventRounds "11"]
[EventCountry "NOR"]
[SourceTitle "CBM 162"]
[Source "ChessBase"]
[SourceDate "2014.09.17"]
[SourceVersion "1"]
[SourceVersionDate "2014.09.17"]
[SourceQuality "1"]
[WhiteTeam "Guam"]
[BlackTeam "ICCD"]
[WhiteTeamCountry "GMA"]

1. d4 Nf6 2. Nf3 g6 3. Nc3 d5 4. Bg5 Ne4 5. Bf4 Bg7 6. e3 0-0 7. Bd3 Nxc3 8. bxc3 c5 9. Rb1 Nc6 10. h4 h5 11. Ne5 Nxe5 12. dxe5 Qa5 13. 0-0 Qxc3 14. e6 f5 15. Be2 Rd8 16. Rb3 Qf6 17. Bc7 Rf8 18. Bf3 Bxe6 19. Rxb7 Bc8 20. Rb1 e6 21. g3 Ba6 22. Re1 Rac8 23. Bf4 Rf7 24. Qc1 Bc4 25. a4 Qc3 26. Rd1 e5 27. Bg5 d4 28. Bg2 e4 29. exd4 Bxd4 30. Bd2 Qxg3 31. Be3 Bxe3 32. Qxe3 Qxh4 33. Rd6 Kh7 34. Rbd1 Qg4 35. Rd8 Rxd8 36. Rxd8 Rb7 37. Qc3 Rb1+ 38. Kh2 Qh4+ 39. Bh3 Qxf2+ 40. Bg2 Qh4+ 41. Bh3 Qf4+ 42. Qg3 Rh1+ 43. Kxh1 Qxg3 44. Rd7+ Kh6 45. Bg2 Be2 46. c4 Bf3 47. Bxf3 exf3 48. Rd2 Qe1+ 0-1

[Event "Central Asia Cup 1st"]
[Site "Tashkent"]
[Date "2011.10.24"]
[Round "7"]
[White "Anarkulov, Alisher"]
[Black "Kurbonboeva, Sarvinoz"]
[Result "0-1"]
[WhiteElo "2254"]
[BlackElo "2131"]
[PlyCount "150"]
[EventDate "2011.10.18"]
[EventType "swiss"]
[EventRounds "9"]
[EventCountry "UZB"]
[SourceTitle "CBM 144 Extra"]
[Source "ChessBase"]
[SourceDate "2011.10.28"]
[SourceVersion "1"]
[SourceVersionDate "2011.10.28"]
[SourceQuality "1"]

1. Nf3 Nf6 2. c4 g6 3. b3 Bg7 4. Bb2 0-0 5. g3 d6 6. Bg2 e5 7. d3 Nc6 8. Nbd2 h6 9. 0-0 Be6 10. d4 exd4 11. Nxd4 Nxd4 12. Bxd4 Qc8 13. Ne4 Nxe4 14. Bxe4 Bf5 15. Bh1 Re8 16. Bxg7 Kxg7 17. Re1 Kg8 18. Qd2 h5 19. Rad1 Be4 20. f3 Bc6 21. e4 a5 22. a4 b6 23. Bg2 Re7 24. Re2 Qe6 25. Rde1 Rae8 26. Kf2 Qf6 27. Kg1 Kh7 28. Qd3 Qe6 29. f4 Qc8 30. f5 gxf5 31. exf5 Rxe2 32. Rxe2 Bxg2 33. Rxg2 Re1+ 34. Kf2 Re5 35. g4 hxg4 36. f6+ Qf5+ 37. Qxf5+ Rxf5+ 38. Ke3 Rxf6 39. Rxg4 Rg6 40. Rf4 Kg7 41. Kd4 Rg5 42. Re4 Kf8 43. Rh4 Kg7 44. Rh3 f6 45. Kc3 Kf7 46. b4 axb4+ 47. Kxb4 Ke6 48. Kc3 Rc5 49. Re3+ Kd7 50. Kd4 Ra5 51. Ra3 Rh5 52. Ra2 Rh3 53. Ke4 Ke6 54. Kd4 f5 55. c5 Rh4+ 56. Kc3 dxc5 57. a5 bxa5 58. Rxa5 Kd5 59. Ra8 Rh3+ 60. Kd2 Rxh2+ 61. Ke3 Rh3+ 62. Ke2 c4 63. Ra5+ c5 64. Ra8 Rh6 65. Rf8 Re6+ 66. Kd2 Ke4 67. Rc8 Re5 68. Rh8 f4 69. Ra8 f3 70. Rf8 Rd5+ 71. Ke1 c3 72. Re8+ Kd3 73. Kd1 f2 74. Rf8 c2+ 75. Kc1 Ke2 0-1

[Event "Central Asia Cup 1st"]
[Site "Tashkent"]
[Date "2011.10.20"]
[Round "3"]
[White "Anarkulov, Alisher"]
[Black "Vakhidov, Jahongir"]
[Result "0-1"]
[WhiteElo "2254"]
[BlackElo "2392"]
[PlyCount "44"]
[EventDate "2011.10.18"]
[EventType "swiss"]
[EventRounds "9"]
[EventCountry "UZB"]
[SourceTitle "CBM 144 Extra"]
[Source "ChessBase"]
[SourceDate "2011.10.28"]
[SourceVersion "1"]
[SourceVersionDate "2011.10.28"]
[SourceQuality "1"]

1. e4 c5 2. Nf3 d6 3. d4 cxd4 4. Nxd4 Nf6 5. Nc3 g6 6. Be3 Bg7 7. f3 0-0 8. Qd2 Nc6 9. Bc4 Bd7 10. 0-0-0 Rc8 11. Bb3 Nxd4 12. Bxd4 b5 13. Bxa7 b4 14. Nd5 Nxd5 15. exd5 Qa5 16. Bd4 Rxc2+ 17. Bxc2 Qxa2 18. Qf2 Rc8 19. Kd2 Rxc2+ 20. Kxc2 Qc4+ 21. Kd2 Bxd4 22. Qf1 Bc3+ 0-1

[Event "Central Asia Cup 1st"]
[Site "Tashkent"]
[Date "2011.10.18"]
[Round "1"]
[White "Kotsur, Pavel"]
[Black "Anarkulov, Alisher"]
[Result "1-0"]
[WhiteElo "2558"]
[BlackElo "2254"]
[PlyCount "47"]
[EventDate "2011.10.18"]
[EventType "swiss"]
[EventRounds "9"]
[EventCountry "UZB"]
[SourceTitle "CBM 144 Extra"]
[Source "ChessBase"]
[SourceDate "2011.10.28"]
[SourceVersion "1"]
[SourceVersionDate "2011.10.28"]
[SourceQuality "1"]

1. e4 g6 2. d4 Bg7 3. Nc3 d6 4. f4 e5 5. dxe5 dxe5 6. Qxd8+ Kxd8 7. Nf3 exf4 8. Bxf4 c6 9. 0-0-0+ Ke8 10. e5 Nd7 11. Ne4 Nb6 12. Nd6+ Kf8 13. Be2 h6 14. Rhf1 Ne7 15. c4 Kg8 16. b3 Kh7 17. a4 Rd8 18. Nxf7 Rf8 19. e6 Bxe6 20. N3g5+ hxg5 21. Nxg5+ Kg8 22. Nxe6 Rxf4 23. Nxf4 Nf5 24. a5 1-0

[Event "UZB-ch 1st League"]
[Site "Tashkent"]
[Date "2011.04.20"]
[Round "9"]
[White "Rustamov, Alisher"]
[Black "Anarkulov, Alisher"]
[Result "0-1"]
[WhiteElo "2265"]
[BlackElo "2244"]
[PlyCount "102"]
[EventDate "2011.04.12"]
[EventType "tourn"]
[EventRounds "11"]
[EventCountry "UZB"]
[SourceTitle "CBM 142 Extra"]
[Source "ChessBase"]
[SourceDate "2011.06.27"]
[SourceVersion "1"]
[SourceVersionDate "2011.06.27"]
[SourceQuality "1"]

1. e4 c5 2. Nc3 Nc6 3. g3 g6 4. Bg2 Bg7 5. d3 d6 6. f4 Bd7 7. Nf3 Qc8 8. 0-0 Bh3 9. Bxh3 Qxh3 10. Ng5 Qd7 11. f5 Nf6 12. Nh3 0-0-0 13. g4 gxf5 14. gxf5 Rdg8 15. Kh1 h5 16. Bf4 Ng4 17. Qd2 Bd4 18. Rae1 e6 19. Nb5 Be5 20. c3 a6 21. Na3 d5 22. b4 dxe4 23. Nc4 Bc7 24. fxe6 fxe6 25. bxc5 e5 26. Bg5 exd3 27. Qg2 Rg6 28. Qe4 Rhg8 29. Rd1 Nf6 30. Qxd3 Qxd3 31. Rxd3 e4 32. Rd6 Ng4 33. Rxg6 Rxg6 34. Rf8+ Bd8 35. Nd6+ Kd7 36. Rf7+ Be7 37. Bxe7 Nxe7 38. Nxb7 e3 39. Rf1 Nd5 40. Nd6 Nxc3 41. Nf5 e2 42. Re1 Rc6 43. Nd4 Rxc5 44. Nxe2 Re5 45. Nhf4 Nxa2 46. Ra1 Nb4 47. Rd1+ Ke8 48. Rd6 a5 49. Re6+ Rxe6 50. Nxe6 a4 51. Nc3 a3 0-1

[Event "UZB-ch 1st League"]
[Site "Tashkent"]
[Date "2011.04.12"]
[Round "1"]
[White "Anarkulov, Alisher"]
[Black "Alikulov, Elbek"]
[Result "1-0"]
[WhiteElo "2244"]
[BlackElo "2180"]
[PlyCount "115"]
[EventDate "2011.04.12"]
[EventType "tourn"]
[EventRounds "11"]
[EventCountry "UZB"]
[SourceTitle "CBM 142 Extra"]
[Source "ChessBase"]
[SourceDate "2011.06.27"]
[SourceVersion "1"]
[SourceVersionDate "2011.06.27"]
[SourceQuality "1"]

1. Nf3 Nf6 2. g3 g6 3. Bg2 Bg7 4. 0-0 0-0 5. c4 d6 6. Nc3 Nc6 7. d4 a6 8. h3 Rb8 9. Be3 b5 10. cxb5 axb5 11. d5 Na5 12. b4 Nc4 13. Bd4 Bd7 14. e4 c5 15. dxc6 Bxc6 16. Bxf6 Bxf6 17. Nd4 Bd7 18. Nd5 Bg7 19. Rc1 e6 20. Nc3 Qb6 21. Nb3 Rfc8 22. Qe2 Bh6 23. Rcd1 Qa7 24. e5 Bg7 25. Kh2 Bxe5 26. Ne4 Qc7 27. f4 Bg7 28. Nd4 Qb6 29. Qf2 Be8 30. Rd3 Rd8 31. Nb3 Qxf2 32. Rxf2 h6 33. g4 f5 34. gxf5 gxf5 35. Ned2 Rbc8 36. Nf3 e5 37. Nh4 exf4 38. Nxf5 Be5 39. Ne7+ Kh8 40. Nxc8 f3+ 41. Kg1 fxg2 42. Ne7 Kh7 43. Rxg2 Rd7 44. Nc6 Bg7 45. Ncd4 Bg6 46. Rdg3 Be4 47. Rf2 Be5 48. Rg4 Bd3 49. Ne6 Re7 50. Nf8+ Kh8 51. Ng6+ Bxg6 52. Rxg6 Kh7 53. Rg4 Bc3 54. Rgf4 Re1+ 55. Rf1 Re2 56. Nd4 Rxa2 57. Nxb5 Ne3 58. Nxc3 1-0

[Event "UZB-ch"]
[Site "Tashkent"]
[Date "2010.05.16"]
[Round "11"]
[White "Anarkulov, Alisher"]
[Black "Faizulaev, Akmal"]
[Result "1-0"]
[WhiteElo "2234"]
[BlackElo "2329"]
[PlyCount "95"]
[EventDate "2010.05.16"]
[EventType "tourn"]
[EventRounds "13"]
[EventCountry "UZB"]
[SourceTitle "EXT 2015"]
[Source "ChessBase"]
[SourceDate "2014.11.20"]
[SourceVersion "1"]
[SourceVersionDate "2014.11.20"]
[SourceQuality "1"]

1. e4 c5 2. Nf3 e6 3. d4 cxd4 4. Nxd4 a6 5. Nc3 b5 6. Bd3 Qb6 7. Nb3 Bb7 8. 0-0 Nf6 9. Qe2 d6 10. Kh1 Nbd7 11. f4 Qc7 12. Bd2 Nb6 13. a4 b4 14. Na2 a5 15. c3 d5 16. cxb4 axb4 17. Bb5+ Nbd7 18. Rac1 Qd8 19. e5 Ne4 20. f5 exf5 21. Rxf5 Be7 22. Bxb4 g6 23. Rf4 0-0 24. Rd1 f5 25. exf6 Ndxf6 26. Rdf1 Bxb4 27. Nxb4 Qe7 28. Nc2 Rxa4 29. Rxf6 Rxf6 30. Rxf6 Qxf6 31. Bxa4 Qxb2 32. Nbd4 Ba6 33. Qe1 Bd3 34. Bb3 Bxc2 35. Bxd5+ Kg7 36. Nxc2 Nf6 37. Ne3 Qe5 38. Bf3 g5 39. g4 Kh8 40. Qd2 h5 41. gxh5 Qf4 42. Qd8+ Kh7 43. Qe7+ Kh8 44. Kg2 g4 45. Qf8+ Kh7 46. Nxg4 Qd2+ 47. Kh3 Nxg4 48. Be4# 1-0

[Event "UZB-ch"]
[Site "Tashkent"]
[Date "2010.05.16"]
[Round "9"]
[White "Anarkulov, Alisher"]
[Black "Muminova, Nafisa"]
[Result "0-1"]
[WhiteElo "2234"]
[BlackElo "2311"]
[PlyCount "96"]
[EventDate "2010.05.16"]
[EventType "tourn"]
[EventRounds "13"]
[EventCountry "UZB"]
[SourceTitle "EXT 2015"]
[Source "ChessBase"]
[SourceDate "2014.11.20"]
[SourceVersion "1"]
[SourceVersionDate "2014.11.20"]
[SourceQuality "1"]

1. Nf3 Nf6 2. c4 e6 3. g3 d5 4. Bg2 Be7 5. 0-0 0-0 6. d4 dxc4 7. Nbd2 b5 8. a4 c6 9. Qc2 Na6 10. b3 Nb4 11. Qb2 cxb3 12. Nxb3 Nbd5 13. Ne5 Qb6 14. a5 Qc7 15. Bd2 Nd7 16. Nd3 f5 17. Rfc1 N7f6 18. f3 Ne8 19. e4 fxe4 20. fxe4 Ndf6 21. Ne5 Bd7 22. Nc5 Bxc5 23. Rxc5 Nd6 24. Qc2 Rac8 25. Rc1 Qd8 26. Nxc6 Bxc6 27. Rxc6 Nc4 28. Rxc8 Qxd4+ 29. Kh1 Rxc8 30. Bc3 Qc5 31. Qa2 Ng4 32. Be1 Rf8 33. Qe2 Qh5 34. h3 Nf2+ 35. Qxf2 Rxf2 36. Bxf2 a6 37. g4 Qg5 38. Rd1 Ne3 39. Rd3 Nxg2 40. Kxg2 b4 41. Bb6 Qb5 42. Rd8+ Kf7 43. Rb8 b3 44. Rb7+ Kg6 45. h4 h6 46. h5+ Kh7 47. Re7 b2 48. Bd4 Qe2+ 0-1

[Event "UZB-ch"]
[Site "Tashkent"]
[Date "2010.05.16"]
[Round "13"]
[White "Anarkulov, Alisher"]
[Black "Niyazmetov, Ruslan"]
[Result "0-1"]
[WhiteElo "2234"]
[BlackElo "2258"]
[PlyCount "128"]
[EventDate "2010.05.16"]
[EventType "tourn"]
[EventRounds "13"]
[EventCountry "UZB"]
[SourceTitle "EXT 2015"]
[Source "ChessBase"]
[SourceDate "2014.11.20"]
[SourceVersion "1"]
[SourceVersionDate "2014.11.20"]
[SourceQuality "1"]

1. e4 c5 2. Nf3 d6 3. d4 cxd4 4. Qxd4 Nc6 5. Bb5 Bd7 6. Bxc6 Bxc6 7. c4 Nf6 8. Nc3 g6 9. Bg5 Bg7 10. Nd5 0-0 11. Bxf6 exf6 12. 0-0 f5 13. Qd3 fxe4 14. Qxe4 Re8 15. Qc2 Bxd5 16. cxd5 Qb6 17. Rab1 Qa6 18. Qb3 Re2 19. Rfe1 Rae8 20. Rxe2 Rxe2 21. h3 Qb6 22. Qxb6 axb6 23. a4 Rc2 24. b3 h6 25. Kf1 Bc3 26. Ne1 Rd2 27. Rc1 Bb4 28. Nc2 Bc5 29. Ke1 Rxd5 30. b4 Bd4 31. Ke2 Re5+ 32. Kf1 Bc3 33. Rd1 d5 34. f3 d4 35. b5 Rc5 36. Ke2 Rc4 37. Kd3 Rxa4 38. g4 Kf8 39. h4 Ke7 40. f4 Ke6 41. Rh1 Kf6 42. g5+ hxg5 43. fxg5+ Ke7 44. Rf1 Ra5 45. Rb1 Ra2 46. Rb3 Kd6 47. Rb1 Ke7 48. Rb3 Ra8 49. Rb1 Rh8 50. Rh1 Ra8 51. Rb1 Ra5 52. Rb3 f5 53. Rb1 Ke6 54. Rg1 Ra8 55. Rh1 Ke5 56. h5 gxh5 57. Rxh5 Rg8 58. Na3 Kf4 59. Nc4 Rxg5 60. Rxg5 Kxg5 61. Nxb6 f4 62. Nd7 f3 63. Nc5 Kg4 64. Nxb7 Kh3 0-1

[Event "UZB-ch"]
[Site "Tashkent"]
[Date "2010.05.16"]
[Round "10"]
[White "Barsov, Alexei"]
[Black "Anarkulov, Alisher"]
[Result "1-0"]
[WhiteElo "2494"]
[BlackElo "2234"]
[PlyCount "87"]
[EventDate "2010.05.16"]
[EventType "tourn"]
[EventRounds "13"]
[EventCountry "UZB"]
[SourceTitle "EXT 2015"]
[Source "ChessBase"]
[SourceDate "2014.11.20"]
[SourceVersion "1"]
[SourceVersionDate "2014.11.20"]
[SourceQuality "1"]

1. d4 Nf6 2. Nf3 g6 3. c4 Bg7 4. g3 d6 5. Bg2 0-0 6. 0-0 c6 7. Nc3 Bf5 8. Nh4 Bd7 9. h3 Qc8 10. Kh2 e5 11. Nf3 Re8 12. Bg5 Bf5 13. g4 Be4 14. Bxf6 Bxf3 15. Bxg7 Bxg2 16. Kxg2 Kxg7 17. Ne4 Rd8 18. f4 d5 19. Nc3 e4 20. f5 f6 21. Qd2 Na6 22. cxd5 cxd5 23. g5 gxf5 24. gxf6+ Kh8 25. Qf4 Qc7 26. Qxf5 Qf7 27. Kh2 Rd6 28. Qe5 Rad8 29. Rf5 Nc7 30. Rg1 Ne8 31. Qe7 R8d7 32. Qxf7 Rxf7 33. Nxd5 h6 34. Rg4 Nxf6 35. Nxf6 Rfxf6 36. Rxf6 Rxf6 37. Rxe4 Ra6 38. a3 Rb6 39. b4 Kg7 40. Kg3 a5 41. d5 Kf7 42. Kf4 Rf6+ 43. Ke5 axb4 44. Rxb4 1-0

[Event "UZB-ch"]
[Site "Tashkent"]
[Date "2010.05.16"]
[Round "1"]
[White "Khamrakulov, Djurabek"]
[Black "Anarkulov, Alisher"]
[Result "1-0"]
[WhiteElo "2481"]
[BlackElo "2234"]
[PlyCount "97"]
[EventDate "2010.05.16"]
[EventType "tourn"]
[EventRounds "13"]
[EventCountry "UZB"]
[SourceTitle "EXT 2015"]
[Source "ChessBase"]
[SourceDate "2014.11.20"]
[SourceVersion "1"]
[SourceVersionDate "2014.11.20"]
[SourceQuality "1"]

1. e4 c5 2. c3 d6 3. d4 Nf6 4. Bd3 Qc7 5. Ne2 e5 6. 0-0 Be7 7. a4 0-0 8. Na3 a6 9. h3 b6 10. Be3 Re8 11. Qd2 Bf8 12. d5 Nbd7 13. b3 Kh8 14. g4 Ng8 15. Ng3 Ne7 16. h4 Ng8 17. Kg2 Nb8 18. Qe2 Qd8 19. Rh1 Ra7 20. Rag1 Bd7 21. g5 Qc8 22. Rh2 f5 23. exf5 Ne7 24. Be4 Bxf5 25. Nxf5 Nxf5 26. Nc4 g6 27. Nxb6 Qd8 28. Nc4 Ng7 29. b4 Rf7 30. Bf3 e4 31. Bg4 Nd7 32. bxc5 dxc5 33. Kh1 Ne5 34. Nxe5 Rxe5 35. c4 Bd6 36. Rh3 Kg8 37. Qb2 Nf5 38. Bxc5 Bxc5 39. Qxe5 Bxf2 40. Rb1 Rf8 41. Bxf5 Rxf5 42. Qxe4 Bc5 43. Rf3 Rxf3 44. Qxf3 Qe8 45. Rf1 h6 46. gxh6 Qe7 47. h7+ Qxh7 48. Qg4 Be7 49. h5 1-0

[Event "UZB-ch"]
[Site "Tashkent"]
[Date "2010.05.16"]
[Round "12"]
[White "Saidov, Beqali"]
[Black "Anarkulov, Alisher"]
[Result "0-1"]
[WhiteElo "2359"]
[BlackElo "2234"]
[PlyCount "20"]
[EventDate "2010.05.16"]
[EventType "tourn"]
[EventRounds "13"]
[EventCountry "UZB"]
[SourceTitle "EXT 2015"]
[Source "ChessBase"]
[SourceDate "2014.11.20"]
[SourceVersion "1"]
[SourceVersionDate "2014.11.20"]
[SourceQuality "1"]

1. d4 Nf6 2. Nc3 d5 3. Nf3 c6 4. e3 Nbd7 5. Bd3 e6 6. 0-0 Bd6 7. e4 dxe4 8. Nxe4 Nxe4 9. Bxe4 Nf6 10. Bd3 Bc7 0-1

[Event "UZB-ch 1st League"]
[Site "Tashkent"]
[Date "2010.04.13"]
[Round "3"]
[White "Anarkulov, Alisher"]
[Black "Tastanov, Arstan"]
[Result "1-0"]
[WhiteElo "2207"]
[BlackElo "2059"]
[PlyCount "63"]
[EventDate "2010.04.11"]
[EventType "tourn"]
[EventRounds "11"]
[EventCountry "UZB"]
[SourceTitle "EXT 2013"]
[Source "ChessBase"]
[SourceDate "2012.11.22"]
[SourceVersion "1"]
[SourceVersionDate "2012.11.22"]
[SourceQuality "1"]

1. Nf3 c5 2. e4 e6 3. d3 Nc6 4. g3 Nf6 5. Bg2 Be7 6. 0-0 0-0 7. c3 d5 8. Nbd2 b6 9. e5 Nd7 10. Re1 Bb7 11. Qe2 Qc7 12. Nf1 Rfe8 13. Bf4 Rad8 14. h4 Nf8 15. h5 h6 16. N1h2 Nh7 17. Ng4 Bf8 18. Qd2 d4 19. c4 Kh8 20. Ngh2 Be7 21. Ng4 Bf8 22. Qe2 Ne7 23. Nf6 g5 24. Nxe8 Rxe8 25. Bd2 Bg7 26. Nh2 Bxg2 27. Kxg2 Rg8 28. Ng4 Nf5 29. b4 Bf8 30. b5 Be7 31. a4 Nf8 32. a5 1-0

[Event "Moscow op-B"]
[Site "Moscow"]
[Date "2009.11.20"]
[Round "1"]
[White "Anarkulov, Alisher"]
[Black "Guseinov, Djelal"]
[Result "1-0"]
[WhiteElo "2202"]
[BlackElo "1928"]
[PlyCount "35"]
[EventDate "2009.01.31"]
[EventType "swiss"]
[EventRounds "9"]
[EventCountry "RUS"]
[SourceTitle "EXT 2012"]
[Source "ChessBase"]
[SourceDate "2011.11.24"]
[SourceVersion "1"]
[SourceVersionDate "2011.11.24"]
[SourceQuality "1"]

1. e4 e6 2. Qe2 c5 3. Nf3 Nc6 4. c3 d5 5. exd5 Qxd5 6. Na3 Nf6 7. g3 b6 8. Bg2 Bb7 9. 0-0 Be7 10. d4 Rc8 11. dxc5 Bxc5 12. b4 Be7 13. Nh4 Qd8 14. Rd1 Nd7 15. Nc4 Ba6 16. Nd6+ Bxd6 17. Qxa6 Qc7 18. Rxd6 1-0

[Event "Tashkent Hokim Cup"]
[Site "Tashkent"]
[Date "2009.07.24"]
[Round "7"]
[White "Anarkulov, Alisher"]
[Black "Sattarov, Fakhriddin"]
[Result "0-1"]
[WhiteElo "2220"]
[BlackElo "2323"]
[PlyCount "72"]
[EventDate "2009.07.17"]
[EventType "swiss"]
[EventRounds "9"]
[EventCountry "UZB"]
[SourceTitle "CBM 131 Extra"]
[Source "ChessBase"]
[SourceDate "2009.09.03"]
[SourceVersion "2"]
[SourceVersionDate "2009.09.16"]
[SourceQuality "1"]

1. e4 e5 2. Nf3 Nc6 3. Bb5 Nf6 4. d3 d6 5. Nc3 Bd7 6. Ne2 g6 7. c3 Bg7 8. Be3 h6 9. Qc1 a6 10. Ba4 b5 11. Bc2 Ng4 12. Bd2 f5 13. exf5 gxf5 14. a4 Ne7 15. Ng3 Nf6 16. d4 e4 17. Nh4 bxa4 18. Qd1 0-0 19. 0-0 d5 20. Ne2 Nh5 21. Nf4 Nxf4 22. Bxf4 Nc8 23. Ng6 Rf6 24. Ne5 Nb6 25. Nxd7 Qxd7 26. Bxa4 Qf7 27. Bb3 Kh7 28. Ra5 Rg6 29. Kh1 Bf8 30. Qh5 Qd7 31. f3 Bg7 32. h3 c6 33. Rb1 Qc8 34. Bd1 Nc4 35. Ra2 c5 36. fxe4 dxe4 0-1

[Event "Tashkent Hokim Cup"]
[Site "Tashkent"]
[Date "2009.07.22"]
[Round "6"]
[White "Anarkulov, Alisher"]
[Black "Kholmirzaev, Bakhodir"]
[Result "1/2-1/2"]
[WhiteElo "2220"]
[BlackElo "2327"]
[PlyCount "88"]
[EventDate "2009.07.17"]
[EventType "swiss"]
[EventRounds "9"]
[EventCountry "UZB"]
[SourceTitle "CBM 131 Extra"]
[Source "ChessBase"]
[SourceDate "2009.09.03"]
[SourceVersion "2"]
[SourceVersionDate "2009.09.16"]
[SourceQuality "1"]

1. e4 c5 2. Nf3 Nc6 3. d4 cxd4 4. Nxd4 Nf6 5. Nc3 e5 6. Ndb5 d6 7. Nd5 Nxd5 8. exd5 Nb8 9. c4 Be7 10. g3 Nd7 11. Bg2 a6 12. Nc3 0-0 13. 0-0 f5 14. b4 a5 15. bxa5 e4 16. Nb5 Rxa5 17. f3 Ne5 18. fxe4 Nxc4 19. a4 Bd7 20. Rb1 Bxb5 21. Rxb5 Rxb5 22. axb5 Qb6+ 23. Kh1 Qxb5 24. Bh3 Ne5 25. Bxf5 g6 26. Be6+ Kg7 27. Bf4 Qb2 28. Qc1 Qxc1 29. Rxc1 Bd8 30. Rb1 b6 31. Kg2 h6 32. Ra1 Bg5 33. Ra7+ Kf6 34. h4 Bxf4 35. gxf4 Nd3 36. Kf3 g5 37. fxg5+ hxg5 38. h5 Ne5+ 39. Kg3 Rh8 40. Rb7 Rxh5 41. Rxb6 Nc4 42. Rb1 Nd2 43. Bg4 Rh4 44. Rb4 Nf1+ 1/2-1/2

[Event "Tashkent Hokim Cup"]
[Site "Tashkent"]
[Date "2009.07.19"]
[Round "3"]
[White "Kvon, Andrey"]
[Black "Anarkulov, Alisher"]
[Result "1-0"]
[WhiteElo "2425"]
[BlackElo "2220"]
[PlyCount "85"]
[EventDate "2009.07.17"]
[EventType "swiss"]
[EventRounds "9"]
[EventCountry "UZB"]
[SourceTitle "CBM 131 Extra"]
[Source "ChessBase"]
[SourceDate "2009.09.03"]
[SourceVersion "2"]
[SourceVersionDate "2009.09.16"]
[SourceQuality "1"]

1. d4 Nf6 2. c4 e6 3. g3 d5 4. Bg2 Bb4+ 5. Bd2 Be7 6. Nf3 0-0 7. 0-0 Ne4 8. Nc3 Nxd2 9. Nxd2 c6 10. e4 dxe4 11. Ndxe4 f5 12. Nc5 e5 13. Nb3 exd4 14. Nxd4 Bf6 15. Nce2 Na6 16. Qd2 Nc5 17. Rad1 a5 18. Rfe1 Qb6 19. Qe3 Ra6 20. Rd2 a4 21. h4 Bd7 22. Qf4 Qb4 23. Red1 Ne6 24. Nxe6 Bxe6 25. Nd4 Bc8 26. Nxf5 Ra5 27. a3 Qc5 28. Ne3 Qe7 29. Qe4 Re5 30. Qd3 g5 31. hxg5 Bxg5 32. Re1 Be6 33. f4 Bf5 34. Qd4 Re6 35. fxg5 Qxg5 36. Qh4 Qg7 37. Rd8 Rfe8 38. Rxe8+ Rxe8 39. Rf1 Bg6 40. Ng4 Qd4+ 41. Kh2 Rd8 42. Qe7 Kh8 43. Rf8+ 1-0